00201nam a2200073Ia 4500008004100000100001400041245004200055260003000097170817s9999 xx 000 0 und d aRatho.T.N 0aEmerging Trends In Teaching Chemistry bKanishka Publishers Delhi